El libro del cuando / (Registro nro. 11765)

Detalles MARC
000 -LIDER
fixed length control field 02497cam a22003133a 4500
001 - NÚMERO DE CONTROL
Identificador de número de control 0000775
003 - IDENTIFICACDOR DE NÚMERO DE CONTROL
control field DO-SdBNP
005 - DATE AND TIME OF LATEST TRANSACTION
control field 20180216144012.0
007 - CAMPOS FIJOS DE DESCRIPCIÓN FÍSICA
fixed length control field 0000775
008 - ELEMENTOS DE LONGITUD FIJA
fixed length control field 861112 1975 sp a 000 0 spa d
010 ## - NUMERO DE CONTROL DE BIBLIOTECA DEL CONGRESO
LC control number
020 ## - ISBN
International Standard Book Number 8425305128
040 ## - FUENTE DE CATALOGACIÓN
Agencia que crea de manera original el registro BPMSU
Agencia que realiza la transcripción spa
Agencia que realiza la modificación BPMSU
--
100 1# - ASIENTO PRINCIPAL -- NOMBRE PERSONAL
Nombre personal Zanini, Giuseppe
245 13 - MENCIÓN DE TITULO
Título El libro del cuando /
Mención de responsabilidad Giuseppe Zanini ; colaboradores Andrea Bonanni...[et al] ; traducción María Antonia Menini
260 ## - PUBLICACIÓN, DISTRIBUCIÓN, ETC. (PIE DE IMPRENTA)
Lugar de publicación, distribución, etc España :
Nombre del editor, distribuidor, etc. Ediciones Danae,
-- Grijalbo,
Fecha de publicación, distribución, etc 1975.
300 ## - DESCRIPCIÓN FÍSICA
Extensión 188 p. :
Otros detalles físicos il.
Dimensiones 27 cm.
490 0# - MENCIÓN DE SERIES
Mención de serie Biblioteca juvenil
505 2# - NOTA DE CONTENIDO
Título Cuándo nació la tierra --
-- Cuándo se solidificó la tierra --
-- Cuándo se formaron las primeras rocas --
-- Cuándo se formaron las primeras montañas --
-- Cuándo apareció el agua sobre la tierra --
-- Cuándo se formaron los océanos --
-- Cuándo se cubrió la tierra de detritos --
-- Cuándo se cubrió la lava regiones enteras --
-- Cuándo nació la vida en el mar --
-- Cuándo carecían de vida los continentes --
-- Cuándo se formó el carbón --
-- Cuándo se formó el petróleo --
-- Cuándo se formaron los actuales continentes --
-- Cuándo se separó América de África --
-- Cuándo invadieron los hielos los continentes --
-- Cuándo se unió América con Asia --
-- Cuándo se retiraron los hielos --
-- Cuándo abandonaron las algas el agua --
-- Cuándo aparecieron los primeros árboles gigantescos --
-- Cuándo cubrieron los bosques la tierra --
-- Cuándo aparecieron las flores sobre la tierra --
-- Cuándo aparecieron los primeros animales --
-- Cuándo aparecieron los primeros provistos de coraza --
-- Cuándo vivieron los gigantes de concha de caracol --
-- Cuándo aparecieron los animales vertebrados --
-- Cuándo albergó el mar a los peces provistos de coraza --
-- Cuándo aparecieron los primeros animales terrestres --
-- Cuándo se convirtieron los peces en anfibios --
-- Cuándo adquirieron los peces formas parecidas --
-- Cuándo empezó la edad de los grandes reptiles --
-- Cuándo apareció el antepasado de los dinosaurios carnívoros --
-- Cuándo se extinguieron los grandes reptiles --
-- Cuándo sabían volar los reptiles --
-- Cuándo aparecieron los antepasados de los pájaros --
600 00 - ENCABEZAMIENTO DE MATERIA--NOMBRE PERSONAL
Nombre personal
Subdivisión temática general
700 12 - ASIENTO SECUNDARIO -- NOMBRE PERSONAL
Nombre personal Bonanni, Andrea
Mención de responsabilidad col.
700 12 - ASIENTO SECUNDARIO -- NOMBRE PERSONAL
Nombre personal Bracco, Pinaccia
Mención de responsabilidad col.
700 12 - ASIENTO SECUNDARIO -- NOMBRE PERSONAL
Nombre personal Pretto, Glauco
Mención de responsabilidad col.
700 12 - ASIENTO SECUNDARIO -- NOMBRE PERSONAL
Nombre personal Menini, María Antonia
Mención de responsabilidad trad.
830 #0 - ASIENTO SECUNDARIO DE SERIE--TÍTULO UNIFORME
Título uniforme Biblioteca juvenil
942 ## - ADDED ENTRY ELEMENTS (KOHA)
Source of classification or shelving scheme Dewey Decimal Classification
Koha item type Libros
945 ## - INFORMACIÓN DE PROCESAMIENTO LOCAL
Información de procesamiento local Inventariado, 2018 / BT
956 ## - LOCAL ELECTRONIC LOCATION AND ACCESS (OCLC)
Método de acceso YLOCKWARD
Materiales especificados 10
Campo enlazado y núm. de secuencia BPMSU
Existencias
Withdrawn status Lost status Source of classification or shelving scheme Damaged status Not for loan Collection code Home library Current library Date acquired Source of acquisition Total Checkouts Barcode Date last seen Price effective from Koha item type
    Dewey Decimal Classification     Colección Juvenil General Biblioteca Pública Metropolitana Salomé Ureña Biblioteca Pública Metropolitana Salomé Ureña 11/02/2016 Sin sellar   BPMSU16110031 11/02/2016 11/02/2016 Libros